| 000 | 00845nam a2200229Ia 4500 | ||
|---|---|---|---|
| 003 | GCL | ||
| 008 | 140319s9999 xx 000 0 ara d | ||
| 040 |
_aGCL / _cGCL |
||
| 082 | 0 | 4 |
_aد _b328.3345 _bم ب |
| 100 | 1 | _aمحمد فايز فرحات | |
| 245 | 1 | 0 |
_aالبرلمان الصعب : دراسة تحليلية للانتخابات البرلمانية 2005 ) / _cمحمد فايز فرحات |
| 700 | 1 | _aمختار شعيب | |
| 250 | _aالاولى | ||
| 260 |
_aالقاهرة : _bالاهرام الاقتصادى ، _c2006 |
||
| 300 |
_a104ص ؛ _c24سم |
||
| 490 |
_aكتاب الاهرام الاقتصادى _v219 |
||
| 650 | 0 | 4 | _aالبرلمان |
| 650 | 0 | 4 | _aالانتخابات - مصر |
| 650 | 0 | 4 | _aالانتخابات البرلمانية |
| 650 | 0 | 4 | _aمصر - الاحوال السياسية |
| 942 |
_2ddc _cBK |
||
| 999 |
_c8490 _d8490 |
||